banner koha

Consanguinidade media, ate 1978, da populacao de suinos Large White de pedigree no Brasil [Reproducao animal; Sus domesticus] (Registro n. 273685)

MARC details
000 -LÍDER
campo de controle de tamanho fixo 01129nac a22002897a 4500
001 - NÚMERO DE CONTROLE
campo de controle BR8200276
003 - IDENTIFICADOR DO NÚMERO DE CONTROLE
campo de controle BR-BrBNA
005 - DATA E HORÁRIO DA ÚLTIMA TRANSAÇÃO
campo de controle 20240105115218.0
008 - CAMPO DE DADOS FIXOS--INFORMAÇÃO GERAL
campo de controle de tamanho fixo 230509b bl.|||m| |||| 00| 0 por d
040 ## - FONTE DA CATALOGAÇÃO
Instituição da catalogação original BR-BrBNA
Idioma da catalogação por
Instituição que transcreveu o registro Biblioteca Nacional de Agricultura
072 ## - CÓDIGO DE CATEGORIA DE ASSUNTO
Código de Categoria de Assunto L10
090 ## - NÚMERO DE CHAMADA LOCAL
Número de chamada 5300 BR8200276
100 1# - ENTRADA PRINCIPAL--NOME PESSOAL
Nome pessoal Larrambebere, W.H.S.
100 1# - ENTRADA PRINCIPAL--NOME PESSOAL
Nome pessoal Costa, C.N.
110 1# - ENTRADA PRINCIPAL--NOME CORPORATIVO
Nome corporativo ou nome da jurisdição Centro Nacional de Pesquisa de Suinos e Aves, Concordia, SC (Brasil)
245 1# - TÍTULO
Título Consanguinidade media, ate 1978, da populacao de suinos Large White de pedigree no Brasil [Reproducao animal; Sus domesticus]
246 1# - FORMA VARIANTE DO TÍTULO
Título/título abreviado [Mean consanguinity, until 1978, of the Large White swine population of pedigree in Brazil [Animal reproduction; Sus domesticus]]
260 3# - PUBLICAÇÃO, DISTRIBUIÇÃO, ETC.
Local de publicação, distribuição, etc. Concordia, SC (Brasil):
Data da publicação, distribuição, etc. 1981.
300 ## - DESCRIÇÃO FÍSICA
Extensão 3 p.
490 ## - TÍTULO DA SÉRIE
Título da série Comunicado Tecnico - Centro Nacional de Pesquisa de Suinos e Aves (Brazil)
Número do volume ou designação sequencial da série no. 27
ISSN - International Standard Serial Number ISSN 0100-8862
650 ## - ASSUNTO--TERMO TÓPICO
Cabeçalho tópico ou nome geográfico Melhoramento genetico animal
650 ## - ASSUNTO--TERMO TÓPICO
Cabeçalho tópico ou nome geográfico Suino
650 ## - ASSUNTO--TERMO TÓPICO
Cabeçalho tópico ou nome geográfico Consanguinidade
650 ## - ASSUNTO--TERMO TÓPICO
Cabeçalho tópico ou nome geográfico Acasalamento
909 ## -
-- 202312
-- Lúcia Elande
-- 55
-- Lúcia Elande
942 ## - ELEMENTOS DE ENTRADA ADICIONADOS (KOHA)
Fonte da classificação ou esquema de arquivamento na estante Classificação AGRIS
Ocultar no OPAC Não
Tipo de material Koha Monografia Seriada
Exemplares
Situação do descarte Fonte da classificação ou esquema de arquivamento na estante Situação física Não pode ser emprestado Coleção Biblioteca de origem Biblioteca atual Localização na estante Total de empréstimos Número de telefone completo Código de barras Data de último acesso Tipo de material Koha Fonte de aquisição
  Classificação AGRIS       Biblioteca Nacional de Agricultura - Binagri Biblioteca Nacional de Agricultura - Binagri Agrobase - Acervo Geral   5300 BR8200276 5300 BR8200276 18/12/2023 Monografia Seriada Portaria Interministerial nº 164/94

BINAGRI

Telefone: (61)3218-2567/2388/3357/2097 - binagri@agro.gov.br

Ministério da Agricultura e Pecuária , Esplanada dos Ministérios, Bloco D, Anexo B, Brasília/DF, CEP: 70.043-900